[Event "Rheinland Pfalz op Seniors 16th"]
[Site "Neustadt an der Weinstrasse"]
[Date "2018.07.14"]
[Round "8"]
[White "Dittmann, Heinz"]
[Black "Jovi, Klaus"]
[Result "1-0"]
[WhiteElo "1553"]
[BlackElo "1553"]
[PlyCount "77"]
[EventDate "2018.07.07"]
[EventType "swiss"]
[EventRounds "9"]
[EventCountry "GER"]
[SourceTitle "EXT 2019"]
[Source "ChessBase"]
[SourceDate "2018.10.10"]
[SourceVersion "1"]
[SourceVersionDate "2018.10.10"]
[SourceQuality "1"]

1. d4 Nf6 2. Nf3 g6 3. e3 Bg7 4. Bd3 0-0 5. Nbd2 d6 6. h3 b6 7. 0-0 Bb7 8. c3 c5 9. dxc5 dxc5 10. Qc2 Nbd7 11. Ne4 c4 12. Nxf6+ Bxf6 13. Be2 Qc7 14. Nd4 Rac8 15. Bf3 Bxd4 16. Bxb7 Qxb7 17. exd4 Qd5 18. Bf4 f6 19. Rfe1 Rf7 20. Re2 Re8 21. Rae1 Kg7 22. Qa4 g5 23. Bh2 Kf8 24. Qxa7 Rd8 25. Qc7 Qb5 26. a3 h6 27. Qb7 Re8 28. Bd6 h5 29. Qe4 f5 30. Qe3 Nf6 31. Qxg5 exd6 32. Qh6+ Kg8 33. Re6 Rxe6 34. Rxe6 Qd7 35. Rxf6 Qe7 36. Rxd6 f4 37. Re6 Qd7 38. Rxb6 Qf5 39. Rg6+ 1-0

[Event "Rheinland Pfalz op Seniors 16th"]
[Site "Neustadt an der Weinstrasse"]
[Date "2018.07.07"]
[Round "1"]
[White "Leutz, Hans"]
[Black "Dittmann, Heinz"]
[Result "1-0"]
[WhiteElo "1964"]
[BlackElo "1553"]
[PlyCount "61"]
[EventDate "2018.07.07"]
[EventType "swiss"]
[EventRounds "9"]
[EventCountry "GER"]
[SourceTitle "EXT 2019"]
[Source "ChessBase"]
[SourceDate "2018.10.10"]
[SourceVersion "1"]
[SourceVersionDate "2018.10.10"]
[SourceQuality "1"]

1. d4 d5 2. Nf3 e6 3. e3 Bd6 4. Nbd2 Nf6 5. Bd3 Nbd7 6. 0-0 c5 7. c3 b6 8. e4 dxe4 9. Nxe4 Be7 10. Bf4 Nxe4 11. Bxe4 Rb8 12. Bxb8 Nxb8 13. dxc5 Qxd1 14. Raxd1 Bxc5 15. Rd2 0-0 16. Rfd1 Be7 17. a3 Na6 18. b4 h6 19. Nd4 Bg5 20. Rd3 Bd7 21. Nf3 Nb8 22. Nxg5 Bb5 23. Rd8 Nc6 24. Rxf8+ Kxf8 25. Nf3 Ke7 26. Bxc6 Bxc6 27. Nd4 Bd5 28. b5 f6 29. Nc6+ Kf7 30. Nxa7 Be4 31. c4 1-0

[Event "Bad Woerishofen Seniors op 32nd"]
[Site "Bad Woerishofen"]
[Date "2016.03.02"]
[Round "6"]
[White "Dittmann, Heinz"]
[Black "Samarian, Cornel"]
[Result "1/2-1/2"]
[WhiteElo "1565"]
[BlackElo "1693"]
[PlyCount "37"]
[EventDate "2016.02.26"]
[EventType "swiss"]
[EventRounds "9"]
[EventCountry "GER"]
[SourceTitle "EXT 2019"]
[Source "ChessBase"]
[SourceDate "2018.10.10"]
[SourceVersion "1"]
[SourceVersionDate "2018.10.10"]
[SourceQuality "1"]

1. d4 Nf6 2. Nf3 d5 3. e3 g6 4. Bd3 Bg7 5. Nbd2 0-0 6. 0-0 Bg4 7. h3 Bxf3 8. Nxf3 Nbd7 9. Re1 c6 10. c3 Qc7 11. Qc2 b5 12. b4 a5 13. Rb1 a4 14. e4 dxe4 15. Bxe4 e6 16. a3 Rac8 17. Bd3 Nd5 18. g3 Rfe8 19. Bd2 1/2-1/2

[Event "Bad Woerishofen Seniors op 32nd"]
[Site "Bad Woerishofen"]
[Date "2016.02.29"]
[Round "4"]
[White "Buss, Richard"]
[Black "Dittmann, Heinz"]
[Result "1/2-1/2"]
[WhiteElo "1657"]
[BlackElo "1565"]
[PlyCount "76"]
[EventDate "2016.02.26"]
[EventType "swiss"]
[EventRounds "9"]
[EventCountry "GER"]
[SourceTitle "EXT 2019"]
[Source "ChessBase"]
[SourceDate "2018.10.10"]
[SourceVersion "1"]
[SourceVersionDate "2018.10.10"]
[SourceQuality "1"]

1. e4 c5 2. Nf3 d6 3. d4 cxd4 4. Nxd4 Nf6 5. Nc3 a6 6. a4 Nc6 7. Nf3 g6 8. Be2 Qc7 9. 0-0 Bg7 10. Be3 0-0 11. Nd5 Nxd5 12. exd5 Ne5 13. c3 Nc4 14. Bxc4 Qxc4 15. Re1 b5 16. axb5 Qxb5 17. Re2 Bg4 18. Rd2 Qb7 19. h3 Bd7 20. Qc1 Rfd8 21. b4 e6 22. dxe6 Bxe6 23. Ne1 Rac8 24. Ra3 Qxb4 25. Nd3 Qc4 26. Nb2 Qc6 27. Nd1 d5 28. Qb2 Rb8 29. Qa1 Ra8 30. Bd4 Bxd4 31. Rxd4 Re8 32. Ne3 a5 33. Rda4 Red8 34. Rxa5 Rxa5 35. Rxa5 Qb7 36. Ra3 h6 37. Nc2 Kh7 38. Nd4 Qe7 1/2-1/2

[Event "Goch op 25th"]
[Site "Goch"]
[Date "2014.09.05"]
[Round "3"]
[White "Dittmann, Heinz"]
[Black "Braun, Oskar"]
[Result "0-1"]
[WhiteElo "1572"]
[BlackElo "1929"]
[PlyCount "70"]
[EventDate "2014.09.04"]
[EventType "swiss"]
[EventRounds "7"]
[EventCountry "GER"]
[SourceTitle "EXT 2016"]
[Source "ChessBase"]
[SourceDate "2015.10.08"]
[SourceVersion "1"]
[SourceVersionDate "2015.10.08"]
[SourceQuality "1"]

1. d4 d5 2. Nf3 Nf6 3. e3 e6 4. Bd3 c5 5. c3 Nc6 6. Nbd2 c4 7. Bc2 b5 8. 0-0 Bd6 9. Re1 0-0 10. e4 dxe4 11. Nxe4 Be7 12. Nxf6+ Bxf6 13. Be3 Ne7 14. Ng5 g6 15. Qf3 Nd5 16. Ne4 Bg7 17. Bg5 Qb6 18. Qg3 b4 19. Bc1 bxc3 20. bxc3 Qc7 21. Qg5 f5 22. Ba3 Rd8 23. Nc5 Nxc3 24. Nxe6 Bxe6 25. Rxe6 Rxd4 26. Rae1 Rd7 27. Re8+ Rxe8 28. Rxe8+ Kf7 29. Re3 Ne4 30. Qh4 Qd8 31. Qxd8 Rxd8 32. f3 Bd4 33. fxe4 Bxe3+ 34. Kf1 Rd2 35. Ba4 Rxa2 0-1

[Event "Bad Woerishofen Seniors op 30th"]
[Site "Bad Woerishofen"]
[Date "2014.03.29"]
[Round "9"]
[White "Kuhn, Hans"]
[Black "Dittmann, Heinz"]
[Result "0-1"]
[WhiteElo "1561"]
[BlackElo "1564"]
[PlyCount "50"]
[EventDate "2014.03.21"]
[EventType "swiss"]
[EventRounds "9"]
[EventCountry "GER"]
[SourceTitle "EXT 2019"]
[Source "ChessBase"]
[SourceDate "2018.10.10"]
[SourceVersion "1"]
[SourceVersionDate "2018.10.10"]
[SourceQuality "1"]

1. e4 e5 2. Nf3 Nc6 3. d3 d6 4. h3 Nf6 5. Be2 Be7 6. 0-0 d5 7. exd5 Nxd5 8. Bd2 0-0 9. a3 Nf4 10. Bxf4 exf4 11. Nbd2 Bf6 12. c3 Ne5 13. d4 Nxf3+ 14. Bxf3 c6 15. Ne4 Be7 16. Qd2 Qc7 17. Rfe1 Bf5 18. Re2 Rad8 19. Rae1 Bxe4 20. Rxe4 Bg5 21. Qe2 h6 22. Re8 Rfxe8 23. Qd2 Re7 24. Kf1 Rde8 25. Be2 f3 0-1

[Event "Bad Woerishofen Seniors op 30th"]
[Site "Bad Woerishofen"]
[Date "2014.03.27"]
[Round "7"]
[White "Westermayer, Johann"]
[Black "Dittmann, Heinz"]
[Result "1/2-1/2"]
[WhiteElo "1643"]
[BlackElo "1564"]
[PlyCount "25"]
[EventDate "2014.03.21"]
[EventType "swiss"]
[EventRounds "9"]
[EventCountry "GER"]
[SourceTitle "EXT 2019"]
[Source "ChessBase"]
[SourceDate "2018.10.10"]
[SourceVersion "1"]
[SourceVersionDate "2018.10.10"]
[SourceQuality "1"]

1. d4 Nf6 2. c4 g6 3. Nf3 Bg7 4. Nc3 0-0 5. e4 d6 6. g3 c6 7. Bg2 Nbd7 8. h3 e5 9. 0-0 b6 10. Re1 Bb7 11. Rb1 Rc8 12. b3 Re8 13. Bb2 1/2-1/2

[Event "Bad Woerishofen Seniors op 30th"]
[Site "Bad Woerishofen"]
[Date "2014.03.26"]
[Round "6"]
[White "Dittmann, Heinz"]
[Black "Mittenzwei, Ingo"]
[Result "1/2-1/2"]
[WhiteElo "1564"]
[BlackElo "1598"]
[PlyCount "71"]
[EventDate "2014.03.21"]
[EventType "swiss"]
[EventRounds "9"]
[EventCountry "GER"]
[SourceTitle "EXT 2019"]
[Source "ChessBase"]
[SourceDate "2018.10.10"]
[SourceVersion "1"]
[SourceVersionDate "2018.10.10"]
[SourceQuality "1"]

1. d4 Nf6 2. c4 e6 3. Nf3 d5 4. Nc3 Be7 5. e3 c6 6. Bd3 dxc4 7. Bxc4 Nbd7 8. 0-0 0-0 9. Qc2 Qc7 10. b3 e5 11. dxe5 Nxe5 12. Nxe5 Qxe5 13. Be2 Be6 14. Bb2 Qg5 15. Bf3 Rad8 16. Ne4 Qg6 17. Nxf6+ gxf6 18. Qxg6+ fxg6 19. Rac1 Rd2 20. Rb1 Rfd8 21. Rfc1 Bd5 22. Bxd5+ R8xd5 23. a3 Kf7 24. b4 f5 25. Bd4 Bf6 26. Rd1 Ra2 27. Bxa7 Rdd2 28. Rxd2 Rxd2 29. g3 Ra2 30. Rd1 Ke6 31. Bc5 Be7 32. Rd3 Bxc5 33. bxc5 Rb2 34. a4 Rb4 35. f4 Rc4 36. Rb3 1/2-1/2

[Event "Bad Woerishofen Seniors op 30th"]
[Site "Bad Woerishofen"]
[Date "2014.03.21"]
[Round "1"]
[White "Lubberich, Alfred"]
[Black "Dittmann, Heinz"]
[Result "1/2-1/2"]
[WhiteElo "1892"]
[BlackElo "1564"]
[PlyCount "41"]
[EventDate "2014.03.21"]
[EventType "swiss"]
[EventRounds "9"]
[EventCountry "GER"]
[SourceTitle "EXT 2019"]
[Source "ChessBase"]
[SourceDate "2018.10.10"]
[SourceVersion "1"]
[SourceVersionDate "2018.10.10"]
[SourceQuality "1"]

1. Nf3 Nf6 2. d4 d5 3. c4 e6 4. Nc3 Nbd7 5. e3 c5 6. Bd3 b6 7. 0-0 Bb7 8. a3 Be7 9. b4 dxc4 10. Bxc4 0-0 11. Bb2 Rc8 12. Rc1 b5 13. Bd3 Nb6 14. Qe2 Nbd5 15. Ne4 Re8 16. Nxc5 Ba8 17. Qd2 Bd6 18. g3 Nc7 19. Rfd1 Bxc5 20. Rxc5 Ncd5 21. Ne5 1/2-1/2

[Event "MVP-ch Seniors op 13th"]
[Site "Binz"]
[Date "2013.11.28"]
[Round "2"]
[White "Worm, Alfred"]
[Black "Dittmann, Heinz"]
[Result "1-0"]
[WhiteElo "1599"]
[BlackElo "1258"]
[PlyCount "73"]
[EventDate "2013.11.27"]
[EventType "swiss"]
[EventRounds "9"]
[EventCountry "GER"]
[SourceTitle "EXT 2015"]
[Source "ChessBase"]
[SourceDate "2014.11.20"]
[SourceVersion "1"]
[SourceVersionDate "2014.11.20"]
[SourceQuality "1"]

1. e4 e6 2. d4 d5 3. Nc3 c6 4. e5 Nd7 5. f4 Bb4 6. a3 Ba5 7. Bd3 Bxc3+ 8. bxc3 c5 9. Nf3 cxd4 10. cxd4 b6 11. 0-0 a5 12. Qe2 Nb8 13. f5 h6 14. Bb5+ Bd7 15. fxe6 fxe6 16. Bd3 Ne7 17. Nh4 Qc7 18. Qh5+ Kd8 19. Bg5 Be8 20. Bg6 Nbc6 21. Bxe8 Rxe8 22. Be3 Kd7 23. Rf7 Rg8 24. Ng6 Rae8 25. Raf1 Nd8 26. R7f2 Qc3 27. Nxe7 Qxe3 28. Nxg8 Rxg8 29. Kh1 Qxa3 30. Rf7+ Kc6 31. R7f3 Qe7 32. Rc3+ Kb7 33. Rb3 Nc6 34. Qe2 Qg5 35. Qb5 Nb8 36. Qxb6+ Ka8 37. Ra1 1-0

[Event "MVP-ch Seniors op 13th"]
[Site "Binz"]
[Date "2013.11.27"]
[Round "1"]
[White "Dittmann, Heinz"]
[Black "Burckhardt, Karl"]
[Result "0-1"]
[WhiteElo "1258"]
[BlackElo "1744"]
[PlyCount "68"]
[EventDate "2013.11.27"]
[EventType "swiss"]
[EventRounds "9"]
[EventCountry "GER"]
[SourceTitle "EXT 2015"]
[Source "ChessBase"]
[SourceDate "2014.11.20"]
[SourceVersion "1"]
[SourceVersionDate "2014.11.20"]
[SourceQuality "1"]

1. e4 d6 2. d4 Nf6 3. Nd2 e5 4. dxe5 dxe5 5. b3 Qd4 6. Rb1 Nxe4 7. Nxe4 Qxe4+ 8. Ne2 Bf5 9. Bb2 Nc6 10. a3 Rd8 11. Qc1 Qxc2 12. Qxc2 Bxc2 13. Rc1 Bxb3 14. Ng3 Bd5 15. Nf5 g6 16. Ne3 Bh6 17. Rd1 Bxe3 18. fxe3 Ke7 19. Kf2 Bb3 20. Rxd8 Rxd8 21. Bc3 Rd1 22. g3 Rc1 23. Bd2 Rc2 24. Ke1 Bd5 25. Rg1 Ra2 26. h4 Rxa3 27. Bb5 Ra1+ 28. Kf2 Rxg1 29. Kxg1 a6 30. Be2 b5 31. Kf2 e4 32. Ke1 Ne5 33. Bb4+ Ke6 34. Bc3 c5 0-1

[Event "Bad Woerishofen op 25th"]
[Site "Bad Woerishofen"]
[Date "2009.03.10"]
[Round "6"]
[White "Antusch, Ingrid"]
[Black "Dittmann, Heinz"]
[Result "1-0"]
[WhiteElo "1771"]
[BlackElo "1571"]
[PlyCount "63"]
[EventDate "2009.03.05"]
[EventType "swiss"]
[EventRounds "9"]
[EventCountry "GER"]
[SourceTitle "CBM 129 Extra"]
[Source "ChessBase"]
[SourceDate "2009.05.05"]
[SourceVersion "2"]
[SourceVersionDate "2009.05.20"]
[SourceQuality "1"]

1. f4 Nf6 2. Nf3 g6 3. e3 Bg7 4. d4 d5 5. Bd3 Nc6 6. c3 0-0 7. Nbd2 b6 8. 0-0 Bb7 9. Ne5 e6 10. Qf3 Nd7 11. Qh3 Ne7 12. Ndf3 Nf6 13. Ng5 Bc8 14. Ng4 Nh5 15. Ne5 Qd6 16. g4 Nf6 17. Bd2 h6 18. Ngf3 Ne4 19. Rae1 f6 20. g5 Nf5 21. Nxg6 Rf7 22. gxf6 Rxf6 23. Nge5 Bd7 24. Re2 Kh7 25. Bxe4 dxe4 26. Ng5+ Kg8 27. Nxe4 Qd5 28. Nxf6+ Bxf6 29. e4 Qb7 30. exf5 Bxe5 31. fxe5 Kf7 32. fxe6+ 1-0

[Event "Bad Woerishofen Seniors op 24th"]
[Site "Bad Woerishofen"]
[Date "2008.03.03"]
[Round "5"]
[White "Ludwig, Egbert"]
[Black "Dittmann, Heinz"]
[Result "0-1"]
[WhiteElo "1303"]
[BlackElo "1216"]
[PlyCount "30"]
[EventDate "2008.02.28"]
[EventType "swiss"]
[EventRounds "9"]
[EventCountry "GER"]
[SourceTitle "EXT 2022"]
[Source "ChessBase"]
[SourceDate "2021.10.06"]
[SourceVersion "1"]
[SourceVersionDate "2021.10.06"]
[SourceQuality "1"]

1. d4 d5 2. Nf3 Bf5 3. g3 e6 4. Bg2 Nf6 5. c4 Be4 6. 0-0 dxc4 7. Qa4+ Nc6 8. Qxc4 Bd6 9. e3 Nb4 10. Na3 Bd3 11. Qc3 Bxf1 12. Kxf1 Ne4 13. Qb3 Qf6 14. Nc4 Be7 15. Nfe5 Qxf2# 0-1

[Event "Bad Woerishofen Seniors op 24th"]
[Site "Bad Woerishofen"]
[Date "2008.02.28"]
[Round "1"]
[White "Dittmann, Heinz"]
[Black "Diete, Guenter"]
[Result "0-1"]
[WhiteElo "1216"]
[BlackElo "1737"]
[PlyCount "62"]
[EventDate "2008.02.28"]
[EventType "swiss"]
[EventRounds "9"]
[EventCountry "GER"]
[SourceTitle "EXT 2022"]
[Source "ChessBase"]
[SourceDate "2021.10.06"]
[SourceVersion "1"]
[SourceVersionDate "2021.10.06"]
[SourceQuality "1"]

1. e4 e5 2. Nf3 Nc6 3. Bc4 Nf6 4. d3 Bc5 5. Nc3 a6 6. a3 d6 7. h3 h6 8. Nd5 Nxd5 9. Bxd5 Ne7 10. c3 Nxd5 11. exd5 0-0 12. 0-0 c6 13. c4 cxd5 14. cxd5 b5 15. Be3 Bb6 16. Bxb6 Qxb6 17. Rc1 Bb7 18. d4 e4 19. Nh4 Bxd5 20. Nf5 Qd8 21. Qg4 Qf6 22. Ne3 Bb7 23. Rfd1 Qe6 24. Qg3 Rac8 25. Rxc8 Rxc8 26. d5 Qf6 27. Rd2 Rc1+ 28. Kh2 Bc8 29. f4 exf3 30. gxf3 h5 31. Qg2 Qf4+ 0-1

[Event "Bad Woerishofen Seniors opA 22th"]
[Site "Bad Woerishofen"]
[Date "2006.03.25"]
[Round "9"]
[White "Dittmann, Heinz"]
[Black "Sieghardt, Walter"]
[Result "1-0"]
[WhiteElo "1223"]
[BlackElo "1477"]
[PlyCount "55"]
[EventDate "2006.03.17"]
[EventType "swiss"]
[EventRounds "9"]
[EventCountry "GER"]
[SourceTitle "EXT 2022"]
[Source "ChessBase"]
[SourceDate "2021.10.06"]
[SourceVersion "1"]
[SourceVersionDate "2021.10.06"]
[SourceQuality "1"]

1. d4 d5 2. c4 e6 3. Nf3 Nf6 4. Nc3 Be7 5. Qc2 Nc6 6. a3 0-0 7. Bg5 dxc4 8. e3 b6 9. Bxc4 Bb7 10. Bxf6 Bxf6 11. d5 Na5 12. Ba2 Bxc3+ 13. Qxc3 exd5 14. Rd1 c5 15. b4 cxb4 16. axb4 Rc8 17. Qd3 Nc4 18. Rb1 b5 19. 0-0 Qe7 20. Nd4 a6 21. Nf5 Qf6 22. Rb3 Rfe8 23. Bb1 Kf8 24. Qe2 Re5 25. Ng3 g6 26. f4 Re7 27. f5 Nb6 28. fxg6 1-0